Elementary linear algebra
Αποθηκεύτηκε σε:
| Κύριος συγγραφέας: | |
|---|---|
| Μορφή: | Βιβλίο |
| Γλώσσα: | English |
| Δημοσίευση: |
New York :
Wiley,
2000, c1973
|
| Έκδοση: | 8th ed. |
| Θέματα: | |
| Ετικέτες: |
Προσθήκη ετικέτας
Δεν υπάρχουν, Καταχωρήστε ετικέτα πρώτοι!
|
MARC
| LEADER | 00000cam a2200000 i 4500 | ||
|---|---|---|---|
| 001 | 1/77380 | ||
| 008 | 050526t20001973 eng d | ||
| 020 | |a 0-471-17055-0 | ||
| 035 | |l 10078226 | ||
| 040 | |a GR-MY-UA |b gre |e aacr | ||
| 041 | 0 | |a eng | |
| 082 | 0 | |a 512.5 |2 (22) | |
| 100 | 1 | |a Anton, Howard. | |
| 245 | 1 | 0 | |a Elementary linear algebra / |c Howard Anton |
| 250 | |a 8th ed. | ||
| 260 | |a New York : |b Wiley, |c 2000, c1973 | ||
| 300 | |a xv, 588 σ.; |b εικ.; |c 25 εκ. | ||
| 500 | |a Περιλαμβάνει βιβλιογραφία | ||
| 650 | 0 | 0 | |a Algebras, Linear. |
| 852 | |a INST |b CHIOS |e 20050526 |h 512.5 ANT |p 005200021997 |q 005200021997 |t BK |y 0 | ||
| 901 | |a BIBL2-2005-2 | ||
| 909 | |a Χ |b 112883 | ||
| 920 | |a ΔΙΕΥΡΥΝΣΗ |b ΕΠΕΑΕΚ-ΤΜΟΔ |y ΧΙΟΣ |z 2004-12 | ||
| 970 | |a ΧΑΖΙΡΗ |b ΑΝΝΑ |z 2005/05/26 | ||